| 000 | 00794nam 22002653 4500 | ||
|---|---|---|---|
| 001 | 199781 | ||
| 010 | _a28752/89 | ||
| 021 |
_aPT _b28752/89 |
||
| 090 | _a199781 | ||
| 100 | _a20260108d u||y0pory50 ba | ||
| 200 |
_aO impacto cósmico _fJohn K. Davies _gtradução Teresa Louro Pérez |
||
| 210 |
_aLisboa _cEdições 70 _dimp. 1989 |
||
| 215 |
_a187, [4] p. _cil. _d24 cm |
||
| 225 |
_aUniverso da ciência _v14 |
||
| 606 |
_92190 _aAstronomia. Astrofísica. Pesquisa Espacial.Geodésia |
||
| 610 | _aO sistema solar | ||
| 610 | _aEstrelas--Sistema estrelares | ||
| 610 | _aUniverso | ||
| 675 |
_a523 _vPT _zpor |
||
| 675 |
_a524 _vPT _zpor |
||
| 700 |
_915583 _aDavies _bJohn K. _f1955- |
||
| 702 |
_915584 _aPérez _bTeresa Louro |
||
| 801 |
_aPT _bBMMN _gRPC |
||
| 830 |
_cAna _fAna |
||
| 990 | _cLIVROS | ||